Top 50 reprezentacji według rankingu FIFA - Statystyki

Ogólne statystyki
  • Ten quiz został rozwiązany 402 razy
  • Średni wynik to 35 z 50
Statystyki odpowiedzi
Hint Odpowiedź % Poprawnych
26. Polska
98%
4. Argentyna
97%
1. Brazylia
97%
3. Francja
97%
7. Hiszpania
93%
2. Belgia
92%
5. Anglia
90%
8. Portugalia
89%
6. Włochy
89%
12. Niemcy
88%
19. Szwecja
88%
36. Rosja
85%
15. Stany Zjednoczone
85%
10. Holandia
83%
27. Ukraina
82%
33. Czechy
81%
23. Japonia
81%
9. Meksyk
80%
16. Chorwacja
76%
11. Dania
76%
17. Kolumbia
76%
38. Kanada
75%
28. Chile
74%
41. Norwegia
74%
14. Szwajcaria
73%
13. Urugwaj
72%
32. Egipt
71%
20. Senegal
68%
42. Australia
66%
34. Austria
65%
29. Korea Południowa
65%
45. Słowacja
65%
25. Serbia
63%
47. Irlandia
62%
24. Maroko
62%
18. Walia
62%
22. Peru
61%
43. Turcja
61%
39. Szkocja
60%
40. Węgry
59%
46. Ekwador
51%
44. Algieria
49%
49. Arabia Saudyjska
48%
37. Kamerun
48%
48. Rumunia
48%
21. Iran
43%
30. Nigeria
43%
50. Paragwaj
43%
31. Kostaryka
42%
35. Tunezja
40%
Nie znaleziono quizów pasujących do podanych kryteriów
Rozkład punktacji
Procent ludzi z każdym wynikiem
Percentyl według liczby udzielonych odpowiedzi
Twoja historia wyników
Nie rozwiązałeś tego quizu